000 01864cam a2200181 4500500
005 20260329002841.0
041 _afre
042 _adc
100 1 0 _aMarcoux-Bélair, E.
_eauthor
700 1 0 _aAllard, M.-A.
_eauthor
700 1 0 _aNoël, R.
_eauthor
245 0 0 _aPsychic envelopes and unsatisfactory obstetric care experiences during pregnancy: An exploratory study
260 _c2026.
500 _a34
520 _aIntroductionIn Quebec, more than 90% of prenatal care is delivered in hospitals, primarily by obstetrician-gynecologists. This exploratory qualitative study examines the unsatisfactory experience of obstetric care during pregnancy and investigates how maternal identity and the bond with the unborn child are shaped in this context.MethodSemi-structured interviews were conducted with five participants who had received hospital-based prenatal care in Quebec within the past three years.ResultsThematic analysis of the interviews identified three main factors underlying dissatisfaction: the language used by healthcare professionals, their actions, and the caregiver–patient relationship. The results also indicate that this dissatisfaction tended to affect the overall pregnancy experience, sometimes weakening the bond with the unborn child. The degree to which this occurred seemed to be strongly influenced by each participant’s internal and external resources, echoing the concept of psychic envelopes.ConclusionThis exploratory research underscores the importance of considering how care is provided to pregnant individuals during pregnancy, with the aim of humanizing perinatal care and supporting the development of the parent–child bond.
786 0 _nPérinatalité | 17 | 3 | 2026-02-18 | p. 103-112 | 2678-6524
856 4 1 _uhttps://stm.cairn.info/journal-perinatalite-2025-3-page-103?lang=en&redirect-ssocas=7080
999 _c1818982
_d1818982